Residential possession proceedings (Record no. 109008)

MARC details
000 -LEADER
fixed length control field 01780cam a22002775a 4500
001 - CONTROL NUMBER
control field L145991
008 - FIXED-LENGTH DATA ELEMENTS--GENERAL INFORMATION
fixed length control field 081128s2008 xxk f g 000 0 eng d
020 ## - INTERNATIONAL STANDARD BOOK NUMBER
International Standard Book Number 9781847035363
035 ## - SYSTEM CONTROL NUMBER
System control number (Sirsi) u145991
041 0# - LANGUAGE CODE
Language code of text/sound track or separate title eng
050 04 - LIBRARY OF CONGRESS CALL NUMBER
Classification number 346.4104342 $2 18
100 1# - MAIN ENTRY--PERSONAL NAME
Personal name Webber, Gary
245 00 - TITLE STATEMENT
Title Residential possession proceedings
250 ## - EDITION STATEMENT
Edition statement 8th ed.
260 ## - PUBLICATION, DISTRIBUTION, ETC.
Place of publication, distribution, etc. London
Name of publisher, distributor, etc. Thomson Reuters (Legal) Ltd
Date of publication, distribution, etc. 2008
300 ## - PHYSICAL DESCRIPTION
Extent lxxvi, 680p.
Dimensions 24cm.
350 ## - PRICE (NR) (BK AM CF MU VM SE) [OBSOLETE]
Price 95.00
505 2# - FORMATTED CONTENTS NOTE
Formatted contents note Termination and the right to possession: has a tenancy been created?; forfeiture; other methods of termination; leases, assignment, sub-letting, bankruptcy and death; licence agreements -- Termination and the right to possession, particular cases: assured tenancies; assured shorthold tenancies; regulated tenancies; restricted contracts; secure tenancies; introductory tenancies; demoted tenancies; social housing; shared accommodation and resident landlords; projected shortholds; long tenancies at low rent; employees, premises with a business use and company lets; agricultural accommodation; student accommodation, holiday accommodation, board and attendance; mobile homes; miscellaneous
505 2# - FORMATTED CONTENTS NOTE
Formatted contents note The proceedings for possession: the necessity for possession proceedings; human rights and discrimination; standard procedure; accelerated procedure; evidence; rent cases; anti-social behaviour; other grounds for possession; trespassers; mortgage possession proceedings; enforcement, suspension and setting aside; unlawful eviction and harassment, the occupier's remedies -- Appendices
521 ## - TARGET AUDIENCE NOTE
Target audience note Advanced
590 ## - LOCAL NOTE (RLIN)
Local note KA
651 #4 - SUBJECT ADDED ENTRY--GEOGRAPHIC NAME
Geographic name United Kingdom
Chronological subdivision
690 ## - LOCAL SUBJECT ADDED ENTRY--TOPICAL TERM (OCLC, RLIN)
Topical term or geographic name as entry element PROPERTY-RESIDENTIAL PROPERTY-RESIDENTIAL LANDLORD AND TENANT
700 1# - ADDED ENTRY--PERSONAL NAME
Personal name Dovar, Daniel
942 ## - ADDED ENTRY ELEMENTS (KOHA)
Suppress in OPAC 0
Holdings
Withdrawn status Lost status Source of classification or shelving scheme Damaged status Not for loan Home library Current library Shelving location Date acquired Cost, normal purchase price Total Checkouts Full call number Barcode Date last seen Date last checked out Copy number Cost, replacement price Price effective from Koha item type
    Dewey Decimal Classification     London London Books 28/11/2008 95.00 4 346.4104242 WEB 30076139 06/08/2019 10/11/2009 1 95.00 06/08/2019 Book